[Event "Titled Tue 10th Jun Late"]
[Site "chess.com INT"]
[Date "2025.06.10"]
[Round "5"]
[White "Ambartsumova, Karina"]
[Black "Hadzovic, Amir"]
[Result "0-1"]
[WhiteTitle "IM"]
[BlackTitle "FM"]
[WhiteElo "2403"]
[BlackElo "2354"]
[WhiteFideId "4166299"]
[BlackFideId "14402300"]
[EventDate "2025.06.10"]

1. Nf3 d6 2. d4 Nf6 3. g3 g6 4. Bg2 Bg7 5. O-O c6 6. c4 Qa5 7. Nc3 Qh5 8. e4 Bg4
9. Qd3 O-O 10. e5 Nfd7 11. exd6 exd6 12. Bf4 d5 13. cxd5 cxd5 14. Ne5 Nxe5 15.
dxe5 Nc6 16. Qxd5 Rad8 17. Qc5 Nxe5 18. Bxe5 Qxe5 19. Qxa7 Rd2 20. Rae1 Qd4 21.
Qxb7 Qd3 22. Be4 Qd8 23. a4 Bxc3 24. bxc3 Be2 25. Rxe2 Rxe2 26. Bd5 Qf6 27. c4
Rfe8 28. a5 Ra2 29. Qb5 Ree2 30. Qc5 Qe7 31. Qc8+ Kg7 32. Qh3 Rxa5 33. Qg2 Raa2
34. Qf3 Qf6 35. Qxf6+ Kxf6 36. Kg2 Rac2 37. Kf3 Ke7 38. h4 f6 39. Kg2 Kd6 40.
Kf3 h6 41. Kg2 Ke5 42. Kf3 g5 43. hxg5 hxg5 44. g4 Rcd2 45. Bg8 Rc2 46. Bd5 Red2
47. Bg8 Rc3+ 48. Kg2 Kf4 49. Be6 Rcc2 50. Bf5 Rxc4 51. Be6 Rcc2 52. Bf5 Rb2 53.
Be6 Ke5 54. Bf5 Rd4 55. Kg3 Rb3+ 56. f3 Rd2 57. Re1+ Kd4 58. Re4+ Kc5 59. Re8
Rbb2 60. Rc8+ Kd6 61. Rd8+ Ke7 62. Rxd2 Rxd2 63. Be4 Kd6 64. Bf5 Ke5 65. Be4 Re2
66. Bb7 Rb2 67. Bc6 Rb6 68. Be4 Kd4 69. Bf5 Ke3 70. Be4 Rb4 71. Bd5 Rf4 72. Bc6
Rd4 73. Bb7 Rd1 74. Kg2 Kf4 75. Bc6 Rd2+ 76. Kf1 Kg3 77. Ke1 Rf2 78. Bd5 Rxf3 0-1

[Event "Titled Tue 10th Jun Late"]
[Site "chess.com INT"]
[Date "2025.06.10"]
[Round "5"]
[White "Zhukovskyi, Oleksandr"]
[Black "Antoniou, Rafail"]
[Result "0-1"]
[WhiteTitle "CM"]
[BlackTitle "CM"]
[WhiteElo "2145"]
[BlackElo "2134"]
[WhiteFideId "14169371"]
[BlackFideId "5904390"]
[EventDate "2025.06.10"]

1. b3 d5 2. Bb2 e6 3. e3 Nf6 4. c4 Be7 5. Nf3 O-O 6. Be2 b6 7. O-O Bb7 8. Ne5
Nbd7 9. Bf3 c6 10. g3 Qc7 11. Nxd7 Qxd7 12. Na3 a6 13. Nc2 c5 14. cxd5 Nxd5 15.
d4 cxd4 16. Bxd4 b5 17. Qe2 Bc6 18. Rae1 Qb7 19. Bxd5 Bxd5 20. e4 Bc6 21. Qg4 g6
22. Qf4 f6 23. Qe3 e5 24. Bc3 Rac8 25. Nb4 Kg7 26. Nxc6 Qxc6 27. Rc1 Qe6 28. Bd2
Ba3 29. Rxc8 Rxc8 30. Rd1 Bc5 31. Qh6+ Kg8 32. Be3 Bf8 33. Qh4 Bg7 34. Rd2 h5
35. Kg2 Qc6 36. f3 Qe6 37. Qh3 Qxh3+ 38. Kxh3 Rc3 39. Re2 Kf7 40. Kg2 Ke6 41.
Kf2 Bf8 42. Rd2 Bd6 43. f4 exf4 44. gxf4 Rc6 45. Kf3 Rc3 46. Ke2 a5 47. h4 a4
48. bxa4 bxa4 49. Rd3 Rc2+ 50. Rd2 Rc4 51. Kf3 a3 52. Rd3 Rc2 53. f5+ gxf5 54.
exf5+ Ke7 55. Bd4 Rxa2 56. Bxf6+ Kxf6 57. Rxd6+ Kxf5 58. Rd5+ Kg6 59. Rg5+ Kh6
60. Ra5 Ra1 61. Ra6+ Kg7 62. Kg2 Kf7 63. Ra5 Kg6 64. Ra6+ Kf5 65. Kg3 Ke4 66.
Ra4+ Kd3 67. Kf4 a2 68. Ra3+ Kd4 69. Ra4+ Kd5 70. Ra5+ Kc6 71. Kg5 Rg1+ 72. Kxh5
a1=Q 73. Rxa1 Rxa1 74. Kg6 Kd7 75. h5 Ke7 76. h6 Rg1+ 77. Kh7 Kf7 78. Kh8 Ra1
79. h7 Ra8# 0-1

[Event "Titled Tue 10th Jun Late"]
[Site "chess.com INT"]
[Date "2025.06.10"]
[Round "5"]
[White "Yevchenko, Oleksandr"]
[Black "Jimenez Salas, Maria Teresa"]
[Result "0-1"]
[WhiteTitle "CM"]
[BlackTitle "WIM"]
[WhiteElo "2276"]
[BlackElo "2170"]
[WhiteFideId "14108267"]
[BlackFideId "3843866"]
[EventDate "2025.06.10"]

1. c4 c5 2. Nf3 Nc6 3. e3 Nf6 4. d4 cxd4 5. exd4 d5 6. Nc3 Bg4 7. cxd5 Nxd5 8.
Bc4 e6 9. O-O Be7 10. Nxd5 exd5 11. Bb3 O-O 12. Qd3 Bxf3 13. Qxf3 Nxd4 14. Qxd5
Nxb3 15. Qxb3 Qb6 16. Qxb6 axb6 17. Be3 Ra6 18. a3 Bf6 19. Rab1 h6 20. Rfd1 Rc8
21. Rd7 Rc2 22. Rxb7 Rxb2 23. Rxb2 Bxb2 24. Rxb6 Rxa3 25. h3 Be5 26. Rb1 Ra2 27.
Rd1 Kh7 28. g4 Bf6 29. Kg2 Bh4 30. Kf3 Kg6 31. Rd7 Ra3 32. Rd6+ f6 33. Rd7 Bg5
34. Re7 Bxe3 35. fxe3 Ra1 36. Kg3 Ra5 37. Rc7 Re5 38. Kf3 h5 39. gxh5+ Rxh5 40.
Kg3 Re5 41. Rc3 Kf5 42. Kf3 Ra5 43. Rb3 g6 44. Rb4 Kg5 45. Rg4+ Kh5 46. Rb4 Rf5+
47. Kg3 Re5 48. Kf3 f5 49. Rb6 Kg5 50. Rb4 Re8 51. Ra4 Re5 52. Rb4 Ra5 53. Rc4
Ra3 54. Rb4 Ra1 55. Rc4 Rf1+ 56. Kg2 Rb1 57. Kf3 Rb8 58. Ra4 Rh8 59. Kg3 Rh7 60.
Rb4 Rc7 61. Ra4 Rc3 62. Kf3 Rb3 63. Rc4 Rb1 64. Ra4 Rh1 65. Kg2 Rc1 66. Kg3 Re1
67. Kf2 Rb1 68. Kg3 Rb2 69. Rc4 Kf6 70. Ra4 Rb5 71. Kf3 Ke5 72. Kg3 g5 73. Kf3
Rb3 74. Ra5+ Ke6 75. Ra6+ Kf7 76. Ra7+ Kg6 77. Ra8 f4 78. Rg8+ Kf6 79. Re8 Kf7
80. Re5 Kg6 0-1

[Event "Titled Tue 10th Jun Late"]
[Site "chess.com INT"]
[Date "2025.06.10"]
[Round "5"]
[White "Odegov, Artem"]
[Black "Lazavik, Denis"]
[Result "0-1"]
[WhiteTitle "FM"]
[BlackTitle "GM"]
[WhiteElo "2244"]
[BlackElo "2580"]
[WhiteFideId "34183644"]
[BlackFideId "13515110"]
[EventDate "2025.06.10"]

1. d4 Nf6 2. c4 g6 3. Nc3 Bg7 4. e4 d6 5. Nf3 O-O 6. Be3 e5 7. dxe5 dxe5 8. Qc2
c6 9. Nxe5 Qe7 10. Nf3 Re8 11. O-O-O Na6 12. h3 Nb4 13. Qb3 a5 14. a3 Be6 15. e5
Nd7 16. axb4 axb4 17. Ne4 Bf5 18. Bg5 Qe6 19. Rd6 Bxe4 20. Rxe6 Rxe6 21. Qxb4
Nxe5 22. Nxe5 Bxe5 23. c5 Ree8 24. f3 Ra1+ 25. Kd2 Bf5 26. g4 Be6 27. Bg2 Ra2
28. Rb1 h6 29. Be3 Rea8 30. Bf1 Bd5 31. Bc4 R2a4 32. Qxa4 Rxa4 33. Bxd5 cxd5 34.
b3 Ra2+ 35. Kd3 Kg7 36. Bd4 Kf6 37. f4 Bxd4 38. Kxd4 Rd2+ 39. Kc3 Rh2 40. b4 Ke6
41. b5 Kd7 42. Kd4 Rxh3 43. Kxd5 Rd3+ 44. Ke5 Rg3 45. Rd1+ Kc7 46. Rd6 Rxg4 47.
b6+ Kc8 48. Rf6 Rg1 49. Rxf7 Re1+ 50. Kf6 g5 51. Rc7+ Kb8 52. Rh7 Kc8 53. Rc7+
Kb8 54. f5 Rf1 55. Kg6 g4 56. f6 g3 57. Kh7 Rxf6 58. Rg7 Rc6 59. Rg8+ Rc8 60.
Rxg3 Rxc5 61. Rg8+ Rc8 62. Rg6 h5 63. Rg5 h4 64. Rh5 Rc6 65. Rxh4 Rxb6 66. Kg7
Re6 67. Kf7 Re1 68. Rb4 Kc7 69. Rb2 b6 70. Kf6 Kc6 71. Rc2+ Kd5 72. Rb2 Kc5 73.
Rc2+ Kd6 74. Rb2 Kc6 75. Rc2+ Kb7 76. Rb2 Re8 77. Kf5 Kc6 78. Rc2+ Kd5 79. Rb2
Kc5 80. Rc2+ Kd4 81. Rb2 Rb8 82. Kf4 b5 83. Kf3 Kc3 0-1

[Event "Titled Tue 10th Jun Late"]
[Site "chess.com INT"]
[Date "2025.06.10"]
[Round "5"]
[White "Atanasov, Anthony"]
[Black "Risteski, Emil"]
[Result "1-0"]
[WhiteTitle "IM"]
[BlackTitle "IM"]
[WhiteElo "2417"]
[BlackElo "2374"]
[WhiteFideId "2623897"]
[BlackFideId "15005267"]
[EventDate "2025.06.10"]

1. d4 g6 2. e4 Bg7 3. Nf3 c6 4. Bd3 d5 5. exd5 cxd5 6. O-O Nc6 7. Re1 Bg4 8. c3
Nf6 9. Nbd2 O-O 10. Qb3 Qc7 11. Ne5 Rad8 12. Nxg4 Nxg4 13. Nf3 e5 14. dxe5 Ncxe5
15. Nxe5 Bxe5 16. g3 h5 17. Bg5 Bf6 18. Bf4 Be5 19. Bg5 Bf6 20. Bxf6 Nxf6 21.
Rad1 Kg7 22. Bf1 b6 23. Bg2 Qc5 24. Rd4 Rfe8 25. Qd1 Rxe1+ 26. Qxe1 Re8 27. Qd1
Re5 28. Bf3 Qe7 29. Kf1 Qe6 30. h4 Ne4 31. Kg2 Nf6 32. a4 Ne4 33. Rd3 Nf6 34.
Rd4 Ne4 35. a5 bxa5 36. Ra4 Qb6 37. Qd4 Qxd4 38. cxd4 Re7 39. Rxa5 Nf6 40. Bxd5
Nxd5 41. Rxd5 Rb7 42. Ra5 Rxb2 43. Rxa7 Rd2 44. Ra4 Kf6 45. Kf3 Kf5 46. Ra5+ Kf6
47. Ke3 Rd1 48. Ra2 Ke6 49. Rd2 Ra1 50. d5+ Kd6 51. Kf4 Re1 52. Kg5 Re5+ 53. Kf6
Rf5+ 54. Kg7 Rf3 55. Re2 Kxd5 56. Re7 Rxf2 57. Rxf7 Rg2 58. Kxg6 Rxg3+ 59. Kxh5
Ke6 60. Rf8 Rg1 61. Rf2 Ke7 62. Kh6 Ke6 63. Kh7 Ke7 64. h5 Ke8 65. Rf6 Ke7 66.
Rg6 Rh1 67. Rg7+ Kf8 68. Rg8+ Kf7 69. Rg5 Rh2 70. Rf5+ Ke6 71. Ra5 Kf7 72. h6
Rg2 73. Rf5+ Ke7 74. Ra5 Kf7 75. Ra7+ Kf8 76. Rg7 Rh2 77. Rg3 Rh1 78. Rf3+ Ke7
79. Rf5 Ke6 80. Rg5 Kf6 81. Rg6+ Kf7 82. Ra6 Kf8 83. Ra7 Rh2 84. Ra8+ Kf7 85.
Ra1 Kf8 86. Rf1+ Ke7 87. Rf4 Ke8 88. Kg6 Rg2+ 89. Kf6 Rh2 90. Kg7 Rg2+ 91. Kh8
Rh2 92. Rf6 Ke7 93. Kg7 Rg2+ 94. Rg6 Rh2 95. h7 1-0

[Event "Titled Tue 10th Jun Late"]
[Site "chess.com INT"]
[Date "2025.06.10"]
[Round "5"]
[White "Ebrahimi Herab, Hamidreza"]
[Black "Sindarov, Islombek"]
[Result "0-1"]
[WhiteTitle "FM"]
[BlackTitle "CM"]
[WhiteElo "2404"]
[BlackElo "2129"]
[WhiteFideId "22512888"]
[BlackFideId "14205475"]
[EventDate "2025.06.10"]

1. d4 Nf6 2. c4 g6 3. Nc3 Bg7 4. e4 d6 5. Be2 O-O 6. Bg5 Nbd7 7. Qd2 e5 8. d5
Nc5 9. Qc2 h6 10. Be3 a5 11. h3 b6 12. g4 Ne8 13. Nf3 f5 14. gxf5 gxf5 15. Bxc5
dxc5 16. O-O-O Nd6 17. Rdg1 Qe7 18. Rg3 f4 19. Rg2 Kh7 20. Rhg1 Bf6 21. Qd1 Bd7
22. Nd2 Bg5 23. Nf3 Bf6 24. Kb1 Rg8 25. Rxg8 Rxg8 26. Rxg8 Kxg8 27. Ng1 Qg7 28.
Bg4 Nxc4 29. Bxd7 Qxd7 30. Qg4+ Qxg4 31. hxg4 Bh4 32. f3 Bf2 33. b3 Nd2+ 34. Kc2
Nf1 35. Nh3 Bh4 36. Kd3 Be7 37. Nb5 Bd6 38. Ke2 Ne3 39. Nf2 Nc2 40. Nd3 Kf7 41.
Nb2 Ke7 42. Nxd6 cxd6 43. Nc4 Nd4+ 44. Kf2 b5 45. Nxa5 Kd7 46. a4 b4 47. Kg2 Kc7
48. Kf2 Nc2 49. Nc4 Nd4 50. Nd2 Kb6 51. Nc4+ Kc7 52. Nd2 c4 53. bxc4 Kb6 54. Kg2
b3 55. Kh3 b2 56. Kh4 Ka5 57. Kh5 Kxa4 58. Kxh6 Kb4 59. g5 Kc3 60. Nb1+ Kc2 61.
Na3+ Kb3 62. Nb1 Ka2 63. Nc3+ Ka1 64. g6 Ne2 65. g7 Nxc3 66. g8=Q b1=Q 67. Qa8+
Qa2 68. Qxa2+ Nxa2 69. Kg5 Kb2 70. Kf6 Kc3 71. Ke6 Kxc4 72. Kxd6 Kd4 73. Ke6 Nb4
74. d6 Nc6 75. d7 Ke3 76. Kd6 Nd8 77. Kxe5 Kxf3 78. Kd5 Kg3 79. e5 f3 80. e6 f2
81. e7 Nf7 82. e8=Q f1=Q 83. Qg8+ Kh3 84. Qh7+ Kg4 0-1

[Event "Titled Tue 10th Jun Late"]
[Site "chess.com INT"]
[Date "2025.06.10"]
[Round "5"]
[White "Panarin, Mikhail"]
[Black "Baltabaev, Temirlan"]
[Result "1/2-1/2"]
[WhiteTitle "GM"]
[BlackTitle "FM"]
[WhiteElo "2562"]
[BlackElo "2295"]
[WhiteFideId "4153251"]
[BlackFideId "4112172"]
[EventDate "2025.06.10"]

1. e4 e5 2. Nf3 Nc6 3. Bb5 a6 4. Ba4 Nf6 5. O-O b5 6. Bb3 Bc5 7. c3 d6 8. d4 Bb6
9. h3 h6 10. Be3 O-O 11. Re1 Bb7 12. Nbd2 Re8 13. d5 Ne7 14. Bxb6 cxb6 15. Bc2
Ng6 16. Bd3 Qc7 17. Bf1 Nd7 18. a4 bxa4 19. Rxa4 Nc5 20. Ra3 b5 21. b4 Na4 22.
c4 Nb2 23. Qb3 Nxc4 24. Nxc4 bxc4 25. Bxc4 Rec8 26. Nd2 Qb6 27. Rea1 Qd4 28. Qd3
Qb6 29. Qe3 Qc7 30. Bf1 f5 31. Nc4 fxe4 32. Nb6 Nf4 33. Nxc8 Qxc8 34. Rc1 Qf5
35. b5 axb5 36. Rxa8+ Bxa8 37. Qa3 Bxd5 38. Qxd6 e3 39. fxe3 Nxh3+ 40. Kh2 Be4
41. Qd8+ Kh7 42. Qc8 Nf2 43. Qxf5+ Bxf5 44. Kg1 Ng4 45. Bxb5 Nxe3 46. Re1 Ng4
47. Be2 Nf6 48. Bd1 e4 49. Kf2 g5 50. Ke3 Kg6 51. Kd4 Ng4 52. Bxg4 Bxg4 53. Kxe4
Bf5+ 54. Kf3 h5 55. Ke3 h4 56. Kf3 Bd7 57. Re5 Bc6+ 58. Kf2 Kh5 59. Rc5 Be4 60.
Re5 Bc6 61. Re7 Bd5 62. Rd7 Be4 63. Rd6 Bb7 64. Kg1 Ba8 65. Kh2 Kg4 66. Rd4+ Kh5
67. Ra4 Bc6 68. Ra5 Bd7 69. Kg1 Bc6 70. Kf2 Kg4 71. Rc5 Bb7 72. Rc4+ Kh5 73. Rb4
Bc6 74. Rb2 Bd5 75. Rd2 Be4 76. Ke3 Bc6 77. Rc2 Bd5 78. Kf2 Bb7 79. g3 hxg3+ 80.
Kxg3 Bd5 81. Rc5 Be4 82. Re5 Bd3 83. Kf2 Bc2 84. Ke3 Bd1 85. Rc5 Bg4 86. Ke4 Be6
87. Ke5 Bh3 88. Kf6 Kg4 89. Rxg5+ Kf3 90. Ra5 Bg4 91. Kg5 Bh3 92. Ra3+ Kg2 93.
Kf4 Be6 94. Re3 Bd5 95. Rd3 Bc6 96. Rd2+ Kh3 97. Rc2 Bb7 98. Rc3+ Kg2 99. Rg3+
Kf2 100. Rb3 Bd5 101. Rb2+ Ke1 102. Ke3 Kf1 103. Rf2+ Kg1 104. Rf5 Bc6 105. Rf6
Bb7 106. Rf2 Bc6 107. Rc2 Bd5 108. Rb2 Bc6 109. Kf4 Kf1 110. Rc2 Bb7 111. Ke3
Ba8 112. Rf2+ Kg1 113. Rf8 Bc6 114. Ke2 Kg2 115. Rg8+ Kh3 116. Ke3 Kh2 117. Kf2
Kh3 118. Rg6 Bb7 119. Rg3+ Kh4 120. Rg1 Kh5 121. Ke2 Kh4 122. Ke3 Bc6 123. Kf4
Kh3 124. Rg6 Bb7 125. Rd6 Ba8 126. Rd3+ Kh2 127. Kg4 Kg2 128. Rd2+ Kf1 129. Kg3
Bb7 130. Rf2+ Ke1 131. Rb2 Bc6 132. Kf4 Kd1 133. Ke3 Kc1 134. Rd2 Bb5 135. Rf2
Kd1 136. Kd4 Ba6 137. Kc3 Ke1 138. Ra2 Bb7 139. Rd2 1/2-1/2

[Event "Titled Tue 10th Jun Late"]
[Site "chess.com INT"]
[Date "2025.06.10"]
[Round "6"]
[White "Alazmi, Amani"]
[Black "Fomevor, Cephas Clinton"]
[Result "1-0"]
[WhiteTitle "WCM"]
[BlackTitle "CM"]
[WhiteElo "1725"]
[BlackElo "1883"]
[WhiteFideId "10303553"]
[BlackFideId "12601330"]
[EventDate "2025.06.10"]

1. c4 c6 2. e4 d5 3. exd5 cxd5 4. cxd5 Qxd5 5. Nc3 Qd8 6. Nf3 Nf6 7. d4 e6 8.
Bd3 Be7 9. O-O O-O 10. h3 Nc6 11. Re1 Nb4 12. Bb1 Nbd5 13. Ne5 Bd7 14. Qf3 Rc8
15. Qg3 Re8 16. Bh6 g6 17. Bxg6 fxg6 18. Nxg6 Kf7 19. Ne5# 1-0

[Event "Titled Tue 10th Jun Late"]
[Site "chess.com INT"]
[Date "2025.06.10"]
[Round "6"]
[White "Hariharan, Shambavi"]
[Black "Ivanov, Andrey A."]
[Result "1-0"]
[WhiteTitle "WCM"]
[BlackTitle "CM"]
[WhiteElo "1936"]
[BlackElo "2120"]
[WhiteFideId "488160"]
[BlackFideId "2514311"]
[EventDate "2025.06.10"]

1. d4 Nf6 2. c4 e6 3. Nf3 Bb4+ 4. Bd2 Qe7 5. g3 Nc6 6. Bg2 Bxd2+ 7. Nbxd2 d6 8.
O-O O-O 9. e4 e5 10. d5 Nb8 11. b4 b6 12. a3 Ba6 13. Re1 Nbd7 14. Nh4 g6 15. Rc1
Kg7 16. Nhf3 Ne8 17. h4 f5 18. Ng5 Kh8 19. Ne6 Rf6 20. Nf3 Rxe6 21. dxe6 Qxe6
22. Ng5 Qe7 23. exf5 Rd8 24. fxg6 hxg6 25. Qd3 Kg7 26. Bd5 1-0

[Event "Titled Tue 10th Jun Late"]
[Site "chess.com INT"]
[Date "2025.06.10"]
[Round "6"]
[White "Aliyev, Elnur"]
[Black "Harshal, Shahi"]
[Result "1-0"]
[WhiteTitle "CM"]
[BlackTitle "FM"]
[WhiteElo "2123"]
[BlackElo "2143"]
[WhiteFideId "13402617"]
[BlackFideId "5048257"]
[EventDate "2025.06.10"]

1. e4 c5 2. Nf3 d6 3. d4 cxd4 4. Nxd4 Nf6 5. Nc3 Nc6 6. Nf3 g6 7. Bc4 Bg7 8. e5
Nxe5 9. Nxe5 dxe5 10. Qxd8+ Kxd8 11. Be3 e6 12. O-O-O+ Bd7 13. Bb5 a6 14. Bxd7
Nxd7 15. Ne4 Bf8 16. Nf6 Ke7 17. Nxd7 Rd8 18. Bg5+ 1-0

[Event "Titled Tue 10th Jun Late"]
[Site "chess.com INT"]
[Date "2025.06.10"]
[Round "6"]
[White "Asish Panda"]
[Black "Dambaev, Dashi"]
[Result "1-0"]
[BlackTitle "CM"]
[WhiteElo "1911"]
[BlackElo "2211"]
[WhiteFideId "45012458"]
[BlackFideId "55628494"]
[EventDate "2025.06.10"]

1. e4 c5 2. Nf3 d6 3. d4 cxd4 4. Qxd4 Nf6 5. e5 Nc6 6. Bb5 Qa5+ 7. Nc3 Qxb5 8.
Nxb5 Nxd4 9. Nbxd4 dxe5 10. Nxe5 a6 11. Be3 Nd5 12. O-O-O Nxe3 13. fxe3 g6 14.
Nc4 b5 15. Nb6 Rb8 16. Nc6 Bg4 17. Nxb8 Bxd1 18. Rxd1 Bh6 19. Nd5 e6 20. Nf4 O-O
21. Nd7 Rc8 22. Nf6+ Kg7 23. Ng4 Bg5 24. Rd7 Rc5 25. Nxe6+ 1-0

[Event "Titled Tue 10th Jun Late"]
[Site "chess.com INT"]
[Date "2025.06.10"]
[Round "6"]
[White "Deichmann, Esteban Horacio"]
[Black "Tristan, Leonardo"]
[Result "0-1"]
[BlackTitle "GM"]
[WhiteElo "2103"]
[BlackElo "2536"]
[WhiteFideId "167410"]
[BlackFideId "113816"]
[EventDate "2025.06.10"]

1. e4 d5 2. exd5 Qxd5 3. a4 Nc6 4. Nc3 Qe5+ 5. Nge2 Bf5 6. d4 Qf6 7. Nd5 Qd6 8.
c4 O-O-O 9. Bf4 e5 10. dxe5 Nxe5 11. Qd4 Nd3+ 12. Kd2 Nxf4 13. Nexf4 c6 14. Qxa7
Qxf4+ 15. Kc3 cxd5 16. Qa8+ Qb8 17. Qa5 Qe5+ 18. Kb3 dxc4+ 19. Bxc4 Qxa5 0-1

[Event "Titled Tue 10th Jun Late"]
[Site "chess.com INT"]
[Date "2025.06.10"]
[Round "6"]
[White "Klepek, Witold"]
[Black "Hofstadler, Mario"]
[Result "1-0"]
[WhiteTitle "CM"]
[BlackTitle "CM"]
[WhiteElo "2253"]
[BlackElo "2172"]
[WhiteFideId "1175068"]
[BlackFideId "1660497"]
[EventDate "2025.06.10"]

1. e4 e5 2. Nf3 d5 3. exd5 e4 4. Qe2 Nf6 5. d3 Be7 6. dxe4 O-O 7. Nc3 c6 8. Bg5
cxd5 9. e5 Ne4 10. Bxe7 Qxe7 11. Nxd5 1-0

[Event "Titled Tue 10th Jun Late"]
[Site "chess.com INT"]
[Date "2025.06.10"]
[Round "6"]
[White "Antoniou, Rafail"]
[Black "Dominguez, Ramiro"]
[Result "1-0"]
[WhiteTitle "CM"]
[BlackTitle "FM"]
[WhiteElo "2134"]
[BlackElo "2210"]
[WhiteFideId "5904390"]
[BlackFideId "4420055"]
[EventDate "2025.06.10"]

1. e4 e5 2. Nf3 Nc6 3. Nc3 Nf6 4. d4 exd4 5. Nxd4 Bb4 6. Nxc6 bxc6 7. Bd3 O-O 8.
O-O d5 9. exd5 cxd5 10. h3 c6 11. Qf3 h6 12. Bf4 Re8 13. Rfe1 Be6 14. a3 Bd6 15.
b4 Bxf4 16. Qxf4 a5 17. Qd4 Qc7 18. Na4 Nd7 19. Nc5 Nxc5 20. Qxc5 axb4 21. axb4
Qb7 22. Ra5 Reb8 23. c3 Rxa5 24. bxa5 Ra8 25. Rb1 Qa7 26. Qxa7 Rxa7 27. Rb8+ 1-0

[Event "Titled Tue 10th Jun Late"]
[Site "chess.com INT"]
[Date "2025.06.10"]
[Round "6"]
[White "Stankovic, Boris"]
[Black "Bukreev, Stanislav"]
[Result "0-1"]
[WhiteTitle "FM"]
[BlackTitle "FM"]
[WhiteElo "2298"]
[BlackElo "2305"]
[WhiteFideId "985317"]
[BlackFideId "34252347"]
[EventDate "2025.06.10"]

1. d4 Nf6 2. Nc3 e6 3. e4 d5 4. e5 Nfd7 5. f4 c5 6. Nce2 Nc6 7. Nf3 Be7 8. c3
O-O 9. g3 f6 10. Bh3 cxd4 11. O-O Qb6 12. Nexd4 Ndxe5 13. fxe5 fxe5 14. Nxe5
Nxe5 15. Rxf8+ Bxf8 16. Qe2 Nc6 17. Bxe6+ Kh8 18. Be3 Nxd4 0-1

[Event "Titled Tue 10th Jun Late"]
[Site "chess.com INT"]
[Date "2025.06.10"]
[Round "6"]
[White "Vykouk, Jan"]
[Black "Kilic, Eray"]
[Result "0-1"]
[WhiteTitle "IM"]
[BlackTitle "IM"]
[WhiteElo "2490"]
[BlackElo "2474"]
[WhiteFideId "349658"]
[BlackFideId "44517173"]
[EventDate "2025.06.10"]

1. e4 c5 2. Nf3 Nc6 3. d4 cxd4 4. Nxd4 g6 5. Nc3 Bg7 6. Be3 Nf6 7. Bc4 O-O 8.
Bb3 d5 9. exd5 Na5 10. Nde2 Nxb3 11. axb3 b6 12. Qd2 Bb7 13. Rd1 Rc8 14. O-O a6
15. Rfe1 b5 16. b4 Qd7 17. Bc5 Rfe8 18. Ng3 a5 19. h3 axb4 20. Bxb4 Rc4 21. Nce4
Nxd5 22. b3 Rd4 23. Nc5 Rxd2 24. Nxd7 Rxd1 25. Rxd1 Nxb4 26. Nc5 Bc6 27. c4 bxc4
28. bxc4 Be5 29. Ne2 Bd6 30. Nb3 Ba4 31. Rb1 Bxb3 32. Rxb3 Na6 33. Rb6 Nc5 34.
Nd4 Kg7 35. Nb5 Rd8 36. Rc6 Ne4 37. Nxd6 exd6 38. f3 Nc5 39. Kf2 Kf6 40. Ke3 Ke6
41. Kd4 Ra8 0-1

[Event "Titled Tue 10th Jun Late"]
[Site "chess.com INT"]
[Date "2025.06.10"]
[Round "6"]
[White "Lazavik, Denis"]
[Black "Stefansson, Vignir Vatnar"]
[Result "1-0"]
[WhiteTitle "GM"]
[BlackTitle "GM"]
[WhiteElo "2580"]
[BlackElo "2515"]
[WhiteFideId "13515110"]
[BlackFideId "2308649"]
[EventDate "2025.06.10"]

1. e4 d6 2. d4 Nf6 3. Nc3 e5 4. Nf3 Nbd7 5. Bc4 Be7 6. O-O c6 7. a4 a5 8. Re1 h6
9. Ba2 Qc7 10. Nh4 exd4 11. Qxd4 Nc5 12. h3 O-O 13. Ng6 Re8 14. Nxe7+ Qxe7 15.
Bf4 Nfxe4 16. Nxe4 Nxe4 17. f3 Qf6 18. Rxe4 Bf5 19. Rxe8+ Rxe8 20. Qxf6 gxf6 21.
Bxd6 Bxc2 22. Bc4 Kg7 23. b3 Bf5 24. Bc7 1-0

[Event "Titled Tue 10th Jun Late"]
[Site "chess.com INT"]
[Date "2025.06.10"]
[Round "6"]
[White "McDonald, Jhustice-Dimonte"]
[Black "Garcia Hernandez, Rebeca"]
[Result "0-1"]
[WhiteTitle "CM"]
[BlackTitle "WCM"]
[WhiteElo "2032"]
[BlackElo "1904"]
[WhiteFideId "7402481"]
[BlackFideId "5180872"]
[EventDate "2025.06.10"]

1. b3 Nf6 2. Bb2 g6 3. g4 h6 4. h4 Bg7 5. g5 hxg5 6. Nf3 g4 7. Ng5 d5 8. e3 c6
9. Be2 Qc7 10. d3 g3 11. f4 g2 12. Rg1 Rxh4 13. Kf2 Ng4+ 14. Kg3 Nxe3 15. Qc1
Nf5+ 16. Kxg2 Bxb2 17. Qxb2 Qxf4 18. Nf3 Qg3+ 19. Kf1 Ne3# 0-1

[Event "Titled Tue 10th Jun Late"]
[Site "chess.com INT"]
[Date "2025.06.10"]
[Round "6"]
[White "Shafer, Logan C"]
[Black "Garcia Cuenca, Victor"]
[Result "1/2-1/2"]
[WhiteTitle "CM"]
[BlackTitle "FM"]
[WhiteElo "2217"]
[BlackElo "2284"]
[WhiteFideId "30993342"]
[BlackFideId "2250829"]
[EventDate "2025.06.10"]

1. Nf3 b6 2. e4 Bb7 3. Nc3 c5 4. d4 cxd4 5. Nxd4 Nc6 6. Be3 Nf6 7. Be2 e6 8. O-O
Nxd4 9. Qxd4 Bc5 10. Qd3 Bxe3 11. Qxe3 O-O 12. Rad1 Qe7 13. e5 Nd5 14. Nxd5 Bxd5
15. c4 Bc6 16. Rd6 f6 17. f4 fxe5 18. fxe5 Rxf1+ 19. Bxf1 Rf8 20. Rd2 Rf5 21.
Rf2 Qf7 22. Bd3 Rxf2 23. Qxf2 Qh5 24. Qe2 Qg5 25. h3 h5 26. Kh2 h4 27. b4 Qg3+
28. Kg1 Bxg2 29. Bh7+ Kxh7 30. Qh5+ Kg8 31. Qe8+ Kh7 32. Qh5+ Kg8 33. Qe8+ Kh7
34. Qh5+ 1/2-1/2

[Event "Titled Tue 10th Jun Late"]
[Site "chess.com INT"]
[Date "2025.06.10"]
[Round "6"]
[White "Boci, Mateu"]
[Black "Khanbutaev, Artemii"]
[Result "0-1"]
[WhiteTitle "FM"]
[WhiteElo "2274"]
[BlackElo "2139"]
[WhiteFideId "4704665"]
[BlackFideId "55747175"]
[EventDate "2025.06.10"]

1. e4 e5 2. Nf3 Nc6 3. Bc4 Nf6 4. d3 Be7 5. O-O d6 6. c3 O-O 7. h3 Be6 8. Nbd2
Re8 9. Re1 Bf8 10. Bxe6 Rxe6 11. Nf1 d5 12. Qc2 a5 13. Ng3 a4 14. Be3 d4 15. Bd2
a3 16. b3 dxc3 17. Bxc3 Bb4 18. Rac1 Bxc3 19. Qxc3 Qd7 20. Re3 Rd8 21. Nf5 g6
22. Ng5 gxf5 23. Rg3 Kh8 24. Nxe6 fxe6 25. exf5 exf5 26. Re1 Qd4 27. Qc1 f4 28.
Rg5 Qxd3 29. Qc5 Qd6 30. Qc2 Nd4 31. Qb1 Re8 32. Qd1 c5 33. b4 c4 34. Qa4 c3 35.
Kh2 c2 36. Rf5 Nxf5 0-1

[Event "Titled Tue 10th Jun Late"]
[Site "chess.com INT"]
[Date "2025.06.10"]
[Round "6"]
[White "Pica, Eleni"]
[Black "Amarasinghe, A A C B"]
[Result "0-1"]
[WhiteTitle "WCM"]
[BlackTitle "CM"]
[WhiteElo "1686"]
[BlackElo "1922"]
[WhiteFideId "5910005"]
[BlackFideId "9901809"]
[EventDate "2025.06.10"]

1. d4 Nf6 2. c4 e6 3. Nc3 Bb4 4. Qc2 O-O 5. a3 Bxc3+ 6. Qxc3 b5 7. cxb5 a6 8.
bxa6 Bxa6 9. g3 Bb7 10. Nf3 Ne4 11. Qc2 c5 12. dxc5 Na6 13. b4 Nxb4 14. Qb1 Qa5
15. Kd1 Nc3+ 0-1